000 00759nam a22002295i 4500
001 10772
003 ES-MaACL
005 20240426111130.0
007 t|
008 941010s1994 sp ||||0| spa
020 _a84-7731-172-2
080 _a913(469.411 L.)
100 1 _aPessoa, Fernando,
_d1888-1935
_991451
245 1 0 _aLisboa :
_blo que el turista debe ver /
_cFernando Pessoa ; introducción y traducción de Rogelio Ordóñez Blanco.
260 _aMadrid :
_bEndymion,
_c[1994]
300 _a83 p., [1] plano pleg ;
_c20 cm.
651 4 _aLisboa-
_xDescripción.
_9176372
651 4 _aLisboa-
_vGuías turísticas.
_98921
700 1 _aOrdóñez Blanco, Rogelio.
_987197
852 4 _aES-MaACL
_jL-18179
999 _c10772
_d10772